000 01044nam a22003137a 4500
003 CHAP
005 20220329134446.0
008 971013s1987 r 00010 d
010 _a20737
011 _a21709
035 _a25800
040 _cCHAP
082 _a333.0972
_bC44
100 0 0 _aCerutti, Mario
_ecomp.
_921544
245 _aMonterrey, Nuevo León el noreste
_b: siete estudios históricos
260 _aMonterrey, N.L. :
_bUniversidad Autónoma de Nuevo León. Facultad de Filosofía y Letras,
_c1987
300 _a275 p.
590 _aBATCH-UPD
_b10
_c20130110
_lUCH01
_h1053
590 _aBATCH-UPD
_b10
_c20130410
_lUCH01
_h0649
590 _aBATCH-UPD
_b10
_c20130913
_lUCH01
_h2343
590 _aCONVERSION
_b10
_c20130109
_lUCH01
_h1312
650 1 4 _aAgua.
_92222
650 1 4 _aCítricos
_xNuevo León.
_924457
650 1 4 _aTierras
_xTenencia
_xHistoria.
_9113171
650 1 4 _aTierras
_xTenencia
_xNuevo León.
_9113187
901 _aBK
942 _cLIBRO
949 _a333.0972 C44
_bBC
_cC
_d33724000507455
_eC
_h71957
_i25800
_mD
_si
999 _c20737
_d20737